Manual del asegurado 1987 / (Registro nro. 5991)

Detalles MARC
000 -LEADER
fixed length control field 00973nam a2200241Ia 4500
003 - CONTROL NUMBER IDENTIFIER
control field OSt
005 - DATE AND TIME OF LATEST TRANSACTION
control field 20200811114307.0
008 - FIXED-LENGTH DATA ELEMENTS--GENERAL INFORMATION
fixed length control field 191128s1987 ck ao gr 000 0 spa d
040 ## - CATALOGING SOURCE
Original cataloging agency CO-JMCR
Transcribing agency CO-JMCR
041 0# - LANGUAGE CODE
Language code of text/sound track or separate title spa
082 04 - DEWEY DECIMAL CLASSIFICATION NUMBER
Classification number 368.002 /
Item number B672m
Edition number 23
100 1# - MAIN ENTRY--PERSONAL NAME
Personal name Botero, Yolanda,
Relator term autor
9 (RLIN) 8568
245 10 - TITLE STATEMENT
Title Manual del asegurado 1987 /
Statement of responsibility, etc. Yolanda Botero, José Pablo Navas, Luis Jorge Méndoza
250 ## - EDITION STATEMENT
Edition statement 1a. Edición
260 ## - PUBLICATION, DISTRIBUTION, ETC.
Place of publication, distribution, etc. Bogotá :
Name of publisher, distributor, etc. Ediciones Bancarias y Financieras,
Date of publication, distribution, etc. 1987.
300 ## - PHYSICAL DESCRIPTION
Extent 88 páginas :
Other physical details ilustraciones, fotografías a blanco y negro ;
Dimensions 23 cm.
505 0# - FORMATTED CONTENTS NOTE
Formatted contents note Entidades del sector -- Productros -- Valoración y tarificación -- Procedimiento para tomar un seguro
650 24 - SUBJECT ADDED ENTRY--TOPICAL TERM
Topical term or geographic name entry element Derecho de seguros
Geographic subdivision Colombia
9 (RLIN) 8569
650 24 - SUBJECT ADDED ENTRY--TOPICAL TERM
Topical term or geographic name entry element Compañías de seguros
General subdivision Legislación
Geographic subdivision Colombia
9 (RLIN) 8570
650 24 - SUBJECT ADDED ENTRY--TOPICAL TERM
Topical term or geographic name entry element Seguros
General subdivision Legislación
Geographic subdivision Colombia
9 (RLIN) 8571
700 ## - ADDED ENTRY--PERSONAL NAME
Personal name Navas, José Pablo, autor Méndoza, Luis Jorge, autor--
9 (RLIN) 8572
942 ## - ADDED ENTRY ELEMENTS (KOHA)
Source of classification or shelving scheme Dewey Decimal Classification
Koha item type Books
Existencias
Withdrawn status Lost status Source of classification or shelving scheme Materials specified (bound volume or other part) Damaged status Not for loan Home library Current library Shelving location Date acquired Source of acquisition Full call number Barcode Date last seen Copy number Price effective from Koha item type
    Dewey Decimal Classification Donación--15/04/2018--     Biblioteca Pública José María del Castillo y Rada Biblioteca Pública José María del Castillo y Rada General Stacks 11/28/2019 Donación 368.002 / B672m 430011335 05/16/2024 Ej.1 11/28/2019 Books